000 00528nam a2200193 a 4500
001 BRL_914
005 20190320210942.0
008 241013s1970----gw-abe####---#000-0#ger-#
041 _ager
044 _agw
050 4 _aDG429
_b.O24 1970
245 1 0 _aOberitalien Östlicher Teil
_bMit 36 Ilustrationen sowie 21 Plänen und Karten
260 _aMünchen
_bPolyglott
_c1970
300 _a63 p.
_bil., mapas, planos
_c19 cm.
500 _aAu1077
651 4 _aItalia
_xGuía de viajeros
_914891
902 _aGRL
942 _2lcc
_cB
999 _c9726
_d9726